[Event "Gibraltar Masters 18th"]
[Site "Gibraltar"]
[Date "2020.01.29"]
[Round "9.20"]
[White "Karthikeyan, Murali"]
[Black "Abdumalik, Zhansaya"]
[Result "1-0"]
[WhiteElo "2606"]
[BlackElo "2471"]
[PlyCount "147"]
[EventDate "2020.01.21"]
[EventType "swiss"]
[EventRounds "10"]
[EventCountry "GGB"]
[SourceTitle "BritBase"]
[Source "John Saunders"]
[SourceDate "2021.06.05"]
[SourceVersion "1"]
[SourceVersionDate "2021.06.05"]
[SourceQuality "1"]
[TimeControl "40/100:0"]
[WhiteClock "0:09:38"]
[BlackClock "0:00:58"]

1. e4 {[%emt 0:00:00]} e5 {[%emt 0:00:00]} 2. Nf3 {[%emt 0:00:00]} Nc6 {
[%emt 0:00:00]} 3. Bb5 {[%emt 0:00:00]} a6 {[%emt 0:00:00]} 4. Ba4 {[%emt 0:00:
00]} Nf6 {[%emt 0:00:00]} 5. O-O {[%emt 0:00:00]} Be7 {[%emt 0:00:00]} 6. Re1 {
[%emt 0:00:00]} b5 {[%emt 0:00:00]} 7. Bb3 {[%emt 0:00:00]} O-O {[%emt 0:00:00]
} 8. h3 {[%emt 0:00:00]} Bb7 {[%emt 0:00:00]} 9. d3 {[%emt 0:00:00]} d6 {
[%emt 0:00:00]} 10. a3 {[%emt 0:00:00]} Na5 {[%emt 0:00:00]} 11. Ba2 {[%emt 0:
00:00]} c5 {[%emt 0:00:00]} 12. Nc3 {[%emt 0:00:00]} Nc6 {[%emt 0:00:00]} 13.
Bd2 {[%emt 0:00:00]} Rc8 {[%emt 0:00:00]} 14. Nd5 {[%emt 0:00:00]} Nxd5 {
[%emt 0:00:00]} 15. Bxd5 {[%emt 0:00:00]} Qd7 {[%emt 0:00:00]} 16. c3 {[%emt 0:
00:00]} Bf6 {[%emt 0:00:00]} 17. Nh2 {[%emt 0:00:00]} Kh8 {[%emt 0:00:00]} 18.
Qg4 {[%emt 0:00:00]} Qc7 {[%emt 0:00:00]} 19. Qg3 {[%emt 0:00:00]} Ne7 {
[%emt 0:00:00]} 20. Bxb7 {[%emt 0:00:00]} Qxb7 {[%emt 0:00:00]} 21. Ng4 {
[%emt 0:00:00]} Ng8 {[%emt 0:00:00]} 22. Rad1 {[%emt 0:00:00]} Rfe8 {[%emt 0:
00:00]} 23. Kh1 {[%emt 0:00:00]} Qe7 {[%emt 0:00:00]} 24. Ne3 {[%emt 0:00:00]}
Qe6 {[%emt 0:00:00]} 25. Nd5 {[%emt 0:00:00]} Ne7 {[%emt 0:00:00]} 26. Nxf6 {
[%emt 0:00:00]} Qxf6 {[%emt 0:00:00]} 27. f4 {[%emt 0:00:00]} exf4 {[%emt 0:00:
00]} 28. Bxf4 {[%emt 0:00:00]} d5 {[%emt 0:00:00]} 29. Be5 {[%emt 0:00:00]} Qg6
{[%emt 0:00:00]} 30. Bd6 {[%emt 0:00:00]} Qxg3 {[%emt 0:00:00]} 31. Bxg3 {
[%emt 0:00:00]} Red8 {[%emt 0:00:00]} 32. exd5 {[%emt 0:00:00]} Nxd5 {[%emt 0:
00:00]} 33. c4 {[%emt 0:00:00]} Nf6 {[%emt 0:00:00]} 34. b3 {[%emt 0:00:00]}
Rd7 {[%emt 0:00:00]} 35. Re5 {[%emt 0:00:00]} h6 {[%emt 0:00:00]} 36. Bh4 {
[%emt 0:00:00]} Kh7 {[%emt 0:00:00]} 37. Bxf6 {[%emt 0:00:00]} gxf6 {[%emt 0:
00:00]} 38. Rf5 {[%emt 0:00:00]} Kg6 {[%emt 0:00:00]} 39. Rf3 {[%emt 0:00:00]}
bxc4 {[%emt 0:00:00]} 40. bxc4 {[%emt 0:00:00]} Rb8 {[%emt 0:00:00]} 41. Rdf1 {
[%emt 0:01:41]} Rd6 {[%emt 0:00:00]} 42. Rg3+ {[%emt 0:00:00]} Kh7 {[%emt 0:00:
00]} 43. Rf4 {[%emt 0:00:00]} Rg8 {[%emt 0:00:00]} 44. Rxg8 {[%emt 0:00:00]}
Kxg8 {[%emt 0:00:00]} 45. Rf3 {[%emt 0:00:00]} Kg7 {[%emt 0:00:00]} 46. Kg1 {
[%emt 0:00:00]} Kg6 {[%emt 0:00:00]} 47. Kf2 {[%emt 0:00:00]} Rb6 {[%emt 0:00:
00]} 48. Ke3 {[%emt 0:00:00]} Re6+ {[%emt 0:00:00]} 49. Kd2 {[%emt 0:00:00]} f5
{[%emt 0:00:00]} 50. Rg3+ {[%emt 0:00:00]} Kf6 {[%emt 0:00:00]} 51. Rg8 {
[%emt 0:00:00]} Ke5 {[%emt 0:00:00]} 52. Rc8 {[%emt 0:00:00]} Rg6 {[%emt 0:00:
00]} 53. Rxc5+ {[%emt 0:00:00]} Kf4 {[%emt 0:00:00]} 54. Rc7 {[%emt 0:00:00]}
Rxg2+ {[%emt 0:00:00]} 55. Kc3 {[%emt 0:00:00]} f6 {[%emt 0:00:00]} 56. c5 {
[%emt 0:00:00]} Rg1 {[%emt 0:00:00]} 57. Kd4 {[%emt 0:00:00]} Rc1 {[%emt 0:00:
00]} 58. Rf7 {[%emt 0:00:00]} Kg3 {[%emt 0:00:00]} 59. Rxf6 {[%emt 0:00:00]} f4
{[%emt 0:00:00]} 60. Rg6+ {[%emt 0:00:00]} Kxh3 {[%emt 0:00:00]} 61. Rxh6+ {
[%emt 0:00:00]} Kg3 {[%emt 0:00:00]} 62. Rg6+ {[%emt 0:00:00]} Kf2 {[%emt 0:00:
00]} 63. Rxa6 {[%emt 0:00:00]} f3 {[%emt 0:00:00]} 64. a4 {[%emt 0:00:00]} Ra1
{[%emt 0:00:00]} 65. Ra8 {[%emt 0:00:00]} Ke2 {[%emt 0:00:00]} 66. Re8+ {
[%emt 0:00:00]} Kd2 {[%emt 0:00:00]} 67. Rf8 {[%emt 0:00:00]} Rxa4+ {[%emt 0:
00:00]} 68. Ke5 {[%emt 0:00:00]} Ke3 {[%emt 0:00:00]} 69. c6 {[%emt 0:00:00]}
Ra5+ {[%emt 0:00:00]} 70. Kd6 {[%emt 0:00:00]} Ra3 {[%emt 0:00:00]} 71. d4 {
[%emt 0:00:00]} Rd3 {[%emt 0:01:43]} 72. d5 {[%emt 0:00:00]} Ke4 {[%emt 0:00:
48]} 73. Re8+ {[%emt 0:00:00]} Kd4 {[%emt 0:00:00]} 74. c7 {[%emt 0:00:00]} 1-0

[Event "Gibraltar Masters 18th"]
[Site "Gibraltar"]
[Date "2020.01.29"]
[Round "9.21"]
[White "Lagarde, Maxime"]
[Black "Lei, Tingjie"]
[Result "1/2-1/2"]
[WhiteElo "2651"]
[BlackElo "2493"]
[PlyCount "145"]
[EventDate "2020.01.21"]
[EventType "swiss"]
[EventRounds "10"]
[EventCountry "GGB"]
[SourceTitle "BritBase"]
[Source "John Saunders"]
[SourceDate "2021.06.05"]
[SourceVersion "1"]
[SourceVersionDate "2021.06.05"]
[SourceQuality "1"]
[TimeControl "40/100:0"]
[WhiteClock "0:19:56"]
[BlackClock "0:02:46"]

1. e4 {[%emt 0:00:00]} e5 {[%emt 0:00:00]} 2. Nf3 {[%emt 0:00:00]} Nf6 {
[%emt 0:00:00]} 3. d4 {[%emt 0:00:00]} Nxe4 {[%emt 0:00:00]} 4. Bd3 {[%emt 0:
00:00]} Nc6 {[%emt 0:00:00]} 5. d5 {[%emt 0:00:00]} Nf6 {[%emt 0:00:00]} 6. Nc3
{[%emt 0:00:00]} Nb4 {[%emt 0:00:00]} 7. Nxe5 {[%emt 0:00:00]} Nxd3+ {[%emt 0:
00:00]} 8. Qxd3 {[%emt 0:00:00]} Be7 {[%emt 0:00:00]} 9. h3 {[%emt 0:00:00]}
O-O {[%emt 0:00:00]} 10. Be3 {[%emt 0:00:00]} d6 {[%emt 0:00:00]} 11. Nf3 {
[%emt 0:00:00]} c6 {[%emt 0:00:00]} 12. O-O {[%emt 0:00:00]} Bd7 {[%emt 0:00:
00]} 13. Rfe1 {[%emt 0:00:00]} Re8 {[%emt 0:00:00]} 14. a4 {[%emt 0:00:00]} h6
{[%emt 0:00:00]} 15. Bf4 {[%emt 0:00:00]} Nxd5 {[%emt 0:00:00]} 16. Nxd5 {
[%emt 0:00:00]} cxd5 {[%emt 0:00:00]} 17. Nd4 {[%emt 0:00:00]} Bf6 {[%emt 0:00:
00]} 18. Be3 {[%emt 0:00:00]} Rc8 {[%emt 0:00:00]} 19. c3 {[%emt 0:00:00]} a6 {
[%emt 0:00:00]} 20. Nc2 {[%emt 0:00:00]} Re5 {[%emt 0:00:00]} 21. Nb4 {[%emt 0:
00:00]} Be6 {[%emt 0:00:00]} 22. Bd4 {[%emt 0:00:00]} Rxe1+ {[%emt 0:00:00]}
23. Rxe1 {[%emt 0:00:00]} Bxd4 {[%emt 0:00:00]} 24. Qxd4 {[%emt 0:00:00]} Rc4 {
[%emt 0:00:00]} 25. Qd3 {[%emt 0:00:00]} Qa5 {[%emt 0:00:00]} 26. Nc2 {[%emt 0:
00:00]} Rxa4 {[%emt 0:00:00]} 27. Qg3 {[%emt 0:00:00]} Re4 {[%emt 0:00:00]} 28.
Rxe4 {[%emt 0:00:00]} dxe4 {[%emt 0:00:00]} 29. Qxd6 {[%emt 0:00:00]} Qd5 {
[%emt 0:00:31]} 30. Qb8+ {[%emt 0:00:00]} Kh7 {[%emt 0:00:00]} 31. Nd4 {
[%emt 0:00:00]} Bd7 {[%emt 0:00:00]} 32. Qf4 {[%emt 0:00:00]} a5 {[%emt 0:00:
00]} 33. Kh2 {[%emt 0:00:00]} b5 {[%emt 0:00:10]} 34. Nc2 {[%emt 0:00:00]} Qe6
{[%emt 0:00:12]} 35. Nd4 {[%emt 0:00:00]} Qd5 {[%emt 0:00:00]} 36. Nc2 {
[%emt 0:00:00]} f6 {[%emt 0:00:11]} 37. Ne3 {[%emt 0:00:00]} Qe6 {[%emt 0:00:
00]} 38. Qc7 {[%emt 0:00:00]} a4 {[%emt 0:00:00]} 39. g4 {[%emt 0:00:38]} h5 {
[%emt 0:00:00]} 40. Kg2 {[%emt 0:00:22]} hxg4 {[%emt 0:00:00]} 41. hxg4 {
[%emt 0:01:20]} Kg8 {[%emt 0:00:00]} 42. Kf1 {[%emt 0:00:00]} Kf7 {[%emt 0:00:
00]} 43. Ke1 {[%emt 0:00:00]} Qc6 {[%emt 0:00:00]} 44. Qa7 {[%emt 0:00:00]} Kg6
{[%emt 0:00:00]} 45. Qd4 {[%emt 0:00:00]} Be6 {[%emt 0:00:00]} 46. Kf1 {
[%emt 0:00:00]} Kg5 {[%emt 0:00:00]} 47. Qa7 {[%emt 0:00:00]} g6 {[%emt 0:00:
00]} 48. Ng2 {[%emt 0:00:00]} Kxg4 {[%emt 0:00:00]} 49. Qh7 {[%emt 0:00:00]}
Bc4+ {[%emt 0:00:23]} 50. Ke1 {[%emt 0:00:00]} Kf5 {[%emt 0:00:00]} 51. Nh4+ {
[%emt 0:00:00]} Ke6 {[%emt 0:00:04]} 52. Nxg6 {[%emt 0:00:00]} Qd6 {[%emt 0:00:
21]} 53. Qg7 {[%emt 0:00:00]} e3 {[%emt 0:00:55]} 54. Nf8+ {[%emt 0:00:00]} Kd5
{[%emt 0:00:00]} 55. fxe3 {[%emt 0:00:00]} Kc6 {[%emt 0:00:00]} 56. Nh7 {
[%emt 0:00:00]} Qd3 {[%emt 0:00:00]} 57. Qxf6+ {[%emt 0:00:00]} Kb7 {[%emt 0:
00:00]} 58. Qe7+ {[%emt 0:00:00]} Ka6 {[%emt 0:00:00]} 59. Kf2 {[%emt 0:00:00]}
Qe2+ {[%emt 0:00:00]} 60. Kg3 {[%emt 0:00:00]} Qxb2 {[%emt 0:00:00]} 61. Qd6+ {
[%emt 0:00:00]} Kb7 {[%emt 0:00:00]} 62. Qd7+ {[%emt 0:00:00]} Kb6 {[%emt 0:00:
00]} 63. Qd4+ {[%emt 0:00:00]} Ka6 {[%emt 0:00:00]} 64. Nf6 {[%emt 0:00:00]}
Qb1 {[%emt 0:00:00]} 65. Qd6+ {[%emt 0:00:00]} Kb7 {[%emt 0:00:00]} 66. Qd7+ {
[%emt 0:00:00]} Kb6 {[%emt 0:00:00]} 67. Qd8+ {[%emt 0:00:00]} Kb7 {[%emt 0:00:
00]} 68. Qe7+ {[%emt 0:00:00]} Ka6 {[%emt 0:00:00]} 69. Kf4 {[%emt 0:00:00]}
Qf1+ {[%emt 0:00:00]} 70. Ke5 {[%emt 0:00:00]} Qd3 {[%emt 0:00:00]} 71. Kf4 {
[%emt 0:00:00]} Qf1+ {[%emt 0:00:00]} 72. Ke5 {[%emt 0:00:00]} Qd3 {[%emt 0:00:
00]} 73. Kf4 {[%emt 0:00:00]} 1/2-1/2

[Event "Gibraltar Masters 18th"]
[Site "Gibraltar"]
[Date "2020.01.29"]
[Round "9.22"]
[White "Flom, Gabriel"]
[Black "Sasikiran, Krishnan"]
[Result "0-1"]
[WhiteElo "2510"]
[BlackElo "2648"]
[PlyCount "80"]
[EventDate "2020.01.21"]
[EventType "swiss"]
[EventRounds "10"]
[EventCountry "GGB"]
[SourceTitle "BritBase"]
[Source "John Saunders"]
[SourceDate "2021.06.05"]
[SourceVersion "1"]
[SourceVersionDate "2021.06.05"]
[SourceQuality "1"]
[TimeControl "40/100:0"]
[WhiteClock "0:45:45"]
[BlackClock "0:04:12"]

1. d4 {[%emt 0:00:00]} d5 {[%emt 0:00:00]} 2. c4 {[%emt 0:00:00]} c6 {[%emt 0:
00:00]} 3. Nc3 {[%emt 0:00:00]} Nf6 {[%emt 0:00:00]} 4. cxd5 {[%emt 0:00:00]}
cxd5 {[%emt 0:00:00]} 5. Bf4 {[%emt 0:00:00]} Nc6 {[%emt 0:00:00]} 6. e3 {
[%emt 0:00:00]} Bf5 {[%emt 0:00:00]} 7. Qb3 {[%emt 0:00:00]} Na5 {[%emt 0:00:
00]} 8. Qa4+ {[%emt 0:00:00]} Bd7 {[%emt 0:00:00]} 9. Bb5 {[%emt 0:00:00]} Nc6
{[%emt 0:00:00]} 10. Nf3 {[%emt 0:00:00]} a6 {[%emt 0:00:00]} 11. Bxc6 {
[%emt 0:00:00]} Bxc6 {[%emt 0:00:00]} 12. Qb3 {[%emt 0:00:00]} Nh5 {[%emt 0:00:
00]} 13. Ne5 {[%emt 0:00:00]} Nxf4 {[%emt 0:00:00]} 14. exf4 {[%emt 0:00:00]}
e6 {[%emt 0:00:00]} 15. O-O {[%emt 0:00:00]} Bd6 {[%emt 0:00:00]} 16. Na4 {
[%emt 0:00:00]} O-O {[%emt 0:00:00]} 17. Rac1 {[%emt 0:00:00]} Bb5 {[%emt 0:00:
00]} 18. Rfe1 {[%emt 0:00:00]} Qa5 {[%emt 0:00:00]} 19. Nc5 {[%emt 0:00:00]}
Bxc5 {[%emt 0:00:00]} 20. dxc5 {[%emt 0:00:00]} Rac8 {[%emt 0:00:00]} 21. Qc3 {
[%emt 0:00:00]} Qxc3 {[%emt 0:00:00]} 22. Rxc3 {[%emt 0:00:00]} Rfd8 {[%emt 0:
00:00]} 23. Rd1 {[%emt 0:00:00]} d4 {[%emt 0:00:00]} 24. Rcc1 {[%emt 0:00:00]}
Rd5 {[%emt 0:00:00]} 25. b4 {[%emt 0:00:00]} d3 {[%emt 0:00:00]} 26. Nf3 {
[%emt 0:00:00]} h6 {[%emt 0:00:00]} 27. h4 {[%emt 0:00:00]} f6 {[%emt 0:00:00]}
28. Rd2 {[%emt 0:00:00]} b6 {[%emt 0:00:00]} 29. Rc3 {[%emt 0:00:00]} bxc5 {
[%emt 0:00:00]} 30. bxc5 {[%emt 0:00:00]} Rcxc5 {[%emt 0:00:00]} 31. Rxc5 {
[%emt 0:00:00]} Rxc5 {[%emt 0:00:00]} 32. Nd4 {[%emt 0:00:00]} Rc1+ {[%emt 0:
00:00]} 33. Kh2 {[%emt 0:00:00]} Bc4 {[%emt 0:00:00]} 34. Kg3 {[%emt 0:00:00]}
a5 {[%emt 0:00:00]} 35. Kf3 {[%emt 0:00:00]} a4 {[%emt 0:00:00]} 36. f5 {
[%emt 0:00:00]} e5 {[%emt 0:00:00]} 37. Ne6 {[%emt 0:00:00]} a3 {[%emt 0:00:00]
} 38. Ke3 {[%emt 0:00:00]} Re1+ {[%emt 0:00:00]} 39. Kf3 {[%emt 0:00:00]} Re2 {
[%emt 0:00:00]} 40. Rd1 {[%emt 0:00:00]} Rxa2 {[%emt 0:00:00]} 0-1

[Event "Gibraltar Masters 18th"]
[Site "Gibraltar"]
[Date "2020.01.29"]
[Round "9.23"]
[White "Moussard, Jules"]
[Black "Henderson De La Fuente, Lance"]
[Result "1-0"]
[WhiteElo "2600"]
[BlackElo "2492"]
[PlyCount "129"]
[EventDate "2020.01.21"]
[EventType "swiss"]
[EventRounds "10"]
[EventCountry "GGB"]
[SourceTitle "BritBase"]
[Source "John Saunders"]
[SourceDate "2021.06.05"]
[SourceVersion "1"]
[SourceVersionDate "2021.06.05"]
[SourceQuality "1"]
[TimeControl "40/100:0"]
[WhiteClock "0:04:24"]
[BlackClock "0:18:22"]

1. e4 {[%emt 0:00:00]} e6 {[%emt 0:00:00]} 2. d4 {[%emt 0:00:00]} d5 {[%emt 0:
00:00]} 3. Nc3 {[%emt 0:00:00]} Bb4 {[%emt 0:00:00]} 4. Nge2 {[%emt 0:00:00]}
Nf6 {[%emt 0:00:00]} 5. exd5 {[%emt 0:00:00]} exd5 {[%emt 0:00:00]} 6. a3 {
[%emt 0:00:00]} Be7 {[%emt 0:00:00]} 7. Ng3 {[%emt 0:00:00]} O-O {[%emt 0:00:
00]} 8. Bd3 {[%emt 0:00:00]} Bg4 {[%emt 0:00:00]} 9. Nce2 {[%emt 0:00:00]} Bxe2
{[%emt 0:00:00]} 10. Bxe2 {[%emt 0:00:00]} Re8 {[%emt 0:00:00]} 11. O-O {
[%emt 0:00:00]} g6 {[%emt 0:00:00]} 12. Bd3 {[%emt 0:00:00]} Nbd7 {[%emt 0:00:
00]} 13. c3 {[%emt 0:00:00]} c6 {[%emt 0:00:00]} 14. Bf4 {[%emt 0:00:00]} Nf8 {
[%emt 0:00:00]} 15. Qd2 {[%emt 0:00:00]} Bd6 {[%emt 0:00:00]} 16. Bxd6 {
[%emt 0:00:00]} Qxd6 {[%emt 0:00:00]} 17. f4 {[%emt 0:00:00]} h6 {[%emt 0:00:
00]} 18. h4 {[%emt 0:00:00]} h5 {[%emt 0:00:00]} 19. Rae1 {[%emt 0:00:00]} c5 {
[%emt 0:00:00]} 20. Be2 {[%emt 0:00:00]} cxd4 {[%emt 0:00:00]} 21. Qxd4 {
[%emt 0:00:00]} Ne4 {[%emt 0:00:00]} 22. Nxe4 {[%emt 0:00:00]} Rxe4 {[%emt 0:
00:00]} 23. Qf2 {[%emt 0:00:00]} Rae8 {[%emt 0:00:00]} 24. Bf3 {[%emt 0:00:00]}
Rxe1 {[%emt 0:00:00]} 25. Rxe1 {[%emt 0:00:00]} Rxe1+ {[%emt 0:00:00]} 26. Qxe1
{[%emt 0:00:00]} d4 {[%emt 0:00:00]} 27. g3 {[%emt 0:00:00]} dxc3 {[%emt 0:00:
00]} 28. Qxc3 {[%emt 0:00:00]} b6 {[%emt 0:00:00]} 29. Kf2 {[%emt 0:00:00]} a5
{[%emt 0:00:00]} 30. Ke3 {[%emt 0:00:00]} Ne6 {[%emt 0:00:00]} 31. Qe5 {
[%emt 0:00:00]} Qxe5+ {[%emt 0:00:00]} 32. fxe5 {[%emt 0:00:00]} Kf8 {[%emt 0:
00:00]} 33. Bd5 {[%emt 0:00:00]} Nc7 {[%emt 0:00:00]} 34. Bc4 {[%emt 0:00:00]}
Ke7 {[%emt 0:00:00]} 35. Kd4 {[%emt 0:00:00]} Kf8 {[%emt 0:00:00]} 36. Ke4 {
[%emt 0:00:00]} Ke7 {[%emt 0:00:00]} 37. Kd4 {[%emt 0:00:00]} Kf8 {[%emt 0:00:
00]} 38. e6 {[%emt 0:00:00]} f6 {[%emt 0:00:00]} 39. Bd3 {[%emt 0:00:00]} g5 {
[%emt 0:00:00]} 40. Bg6 {[%emt 0:01:01]} gxh4 {[%emt 0:00:00]} 41. gxh4 {
[%emt 0:00:00]} Nxe6+ {[%emt 0:00:00]} 42. Kc4 {[%emt 0:00:00]} Nc7 {[%emt 0:
00:00]} 43. Bxh5 {[%emt 0:00:00]} Kg7 {[%emt 0:00:00]} 44. Kd4 {[%emt 0:00:00]}
Ne6+ {[%emt 0:00:00]} 45. Kc4 {[%emt 0:00:00]} Nc7 {[%emt 0:00:00]} 46. Bf3 {
[%emt 0:00:00]} f5 {[%emt 0:00:00]} 47. Kd4 {[%emt 0:00:00]} Kf6 {[%emt 0:00:
00]} 48. h5 {[%emt 0:00:00]} Ne6+ {[%emt 0:00:00]} 49. Kd5 {[%emt 0:00:00]} b5
{[%emt 0:00:00]} 50. b3 {[%emt 0:00:00]} f4 {[%emt 0:00:00]} 51. Bg4 {[%emt 0:
00:00]} Ng5 {[%emt 0:00:00]} 52. Kd4 {[%emt 0:00:00]} Nf7 {[%emt 0:00:00]} 53.
Be2 {[%emt 0:00:00]} b4 {[%emt 0:00:00]} 54. a4 {[%emt 0:00:00]} Ng5 {[%emt 0:
00:00]} 55. Bg4 {[%emt 0:00:00]} Kg7 {[%emt 0:00:00]} 56. Kc4 {[%emt 0:00:00]}
Ne4 {[%emt 0:00:00]} 57. Kb5 {[%emt 0:00:00]} Nd2 {[%emt 0:00:00]} 58. Kxa5 {
[%emt 0:00:00]} Nxb3+ {[%emt 0:00:00]} 59. Kxb4 {[%emt 0:00:00]} Nd4 {[%emt 0:
00:00]} 60. Kc4 {[%emt 0:00:00]} Nc6 {[%emt 0:00:00]} 61. Kd5 {[%emt 0:00:00]}
Na5 {[%emt 0:00:00]} 62. Ke4 {[%emt 0:00:00]} Kh6 {[%emt 0:00:00]} 63. Kxf4 {
[%emt 0:00:00]} Nb3 {[%emt 0:00:00]} 64. Bf3 {[%emt 0:00:00]} Na5 {[%emt 0:00:
00]} 65. Ke5 {[%emt 0:00:00]} 1-0

[Event "Gibraltar Masters 18th"]
[Site "Gibraltar"]
[Date "2020.01.29"]
[Round "9.24"]
[White "Raja, Harshit"]
[Black "Vaibhav, Suri"]
[Result "0-1"]
[WhiteElo "2482"]
[BlackElo "2593"]
[PlyCount "64"]
[EventDate "2020.01.21"]
[EventType "swiss"]
[EventRounds "10"]
[EventCountry "GGB"]
[SourceTitle "BritBase"]
[Source "John Saunders"]
[SourceDate "2021.06.05"]
[SourceVersion "1"]
[SourceVersionDate "2021.06.05"]
[SourceQuality "1"]
[TimeControl "40/100:0"]
[WhiteClock "0:00:57"]
[BlackClock "0:04:19"]

1. d4 {[%emt 0:00:00]} Nf6 {[%emt 0:00:00]} 2. c4 {[%emt 0:00:00]} e6 {[%emt 0:
00:00]} 3. g3 {[%emt 0:00:00]} d5 {[%emt 0:00:00]} 4. Nf3 {[%emt 0:00:00]} dxc4
{[%emt 0:00:00]} 5. Bg2 {[%emt 0:00:00]} c5 {[%emt 0:00:00]} 6. O-O {[%emt 0:
00:00]} Nc6 {[%emt 0:00:00]} 7. dxc5 {[%emt 0:00:00]} Qxd1 {[%emt 0:00:00]} 8.
Rxd1 {[%emt 0:00:00]} Bxc5 {[%emt 0:00:00]} 9. Nbd2 {[%emt 0:00:00]} c3 {
[%emt 0:00:00]} 10. bxc3 {[%emt 0:00:00]} O-O {[%emt 0:00:00]} 11. Nb3 {
[%emt 0:00:00]} Be7 {[%emt 0:00:00]} 12. Nfd4 {[%emt 0:00:00]} Bd7 {[%emt 0:00:
00]} 13. Nb5 {[%emt 0:00:00]} Rac8 {[%emt 0:00:00]} 14. Be3 {[%emt 0:00:00]} b6
{[%emt 0:00:00]} 15. c4 {[%emt 0:00:00]} Nb4 {[%emt 0:00:00]} 16. Bg5 {[%emt 0:
00:00]} Rfd8 {[%emt 0:00:00]} 17. Nd6 {[%emt 0:00:00]} Bxd6 {[%emt 0:00:00]}
18. Rxd6 {[%emt 0:00:00]} Ba4 {[%emt 0:00:00]} 19. Rxd8+ {[%emt 0:00:00]} Rxd8
{[%emt 0:00:00]} 20. c5 {[%emt 0:00:00]} Nxa2 {[%emt 0:00:00]} 21. Rxa2 {
[%emt 0:00:00]} Bxb3 {[%emt 0:00:00]} 22. Rb2 {[%emt 0:00:00]} Bc4 {[%emt 0:00:
00]} 23. Rc2 {[%emt 0:00:00]} b5 {[%emt 0:00:00]} 24. Bb7 {[%emt 0:00:00]} Rd1+
{[%emt 0:00:00]} 25. Kg2 {[%emt 0:00:00]} Ne8 {[%emt 0:00:00]} 26. e4 {[%emt 0:
00:00]} a5 {[%emt 0:00:00]} 27. Bd2 {[%emt 0:00:00]} a4 {[%emt 0:00:00]} 28.
Bc6 {[%emt 0:00:01]} Nc7 {[%emt 0:00:00]} 29. Bb4 {[%emt 0:00:56]} Na6 {
[%emt 0:00:00]} 30. Rb2 {[%emt 0:00:00]} g5 {[%emt 0:00:00]} 31. Bxb5 {[%emt 0:
00:11]} Bxb5 {[%emt 0:00:00]} 32. Bc3 {[%emt 0:00:00]} Bf1+ {[%emt 0:00:00]}
0-1

[Event "Gibraltar Masters 18th"]
[Site "Gibraltar"]
[Date "2020.01.29"]
[Round "9.25"]
[White "Gagare, Shardul"]
[Black "Kryakvin, Dmitry"]
[Result "1/2-1/2"]
[WhiteElo "2481"]
[BlackElo "2592"]
[PlyCount "51"]
[EventDate "2020.01.21"]
[EventType "swiss"]
[EventRounds "10"]
[EventCountry "GGB"]
[SourceTitle "BritBase"]
[Source "John Saunders"]
[SourceDate "2021.06.05"]
[SourceVersion "1"]
[SourceVersionDate "2021.06.05"]
[SourceQuality "1"]
[TimeControl "40/100:0"]
[WhiteClock "0:20:48"]
[BlackClock "0:23:15"]

1. e4 {[%emt 0:00:00]} c5 {[%emt 0:00:00]} 2. Nf3 {[%emt 0:00:00]} e6 {[%emt 0:
00:00]} 3. g3 {[%emt 0:00:00]} Nc6 {[%emt 0:00:00]} 4. Bg2 {[%emt 0:00:00]} Nf6
{[%emt 0:00:00]} 5. Qe2 {[%emt 0:00:00]} e5 {[%emt 0:00:00]} 6. O-O {[%emt 0:
00:00]} Be7 {[%emt 0:00:00]} 7. d3 {[%emt 0:00:00]} O-O {[%emt 0:00:00]} 8.
Nbd2 {[%emt 0:00:00]} Re8 {[%emt 0:00:00]} 9. Nc4 {[%emt 0:00:00]} d6 {[%emt 0:
00:00]} 10. Ne3 {[%emt 0:00:00]} Bf8 {[%emt 0:00:00]} 11. c3 {[%emt 0:00:00]}
g6 {[%emt 0:00:00]} 12. a3 {[%emt 0:00:00]} Bg7 {[%emt 0:00:00]} 13. b4 {
[%emt 0:00:00]} h6 {[%emt 0:00:00]} 14. Rb1 {[%emt 0:00:00]} Rb8 {[%emt 0:00:
00]} 15. Bb2 {[%emt 0:00:00]} b5 {[%emt 0:00:00]} 16. Rfd1 {[%emt 0:00:00]} Bb7
{[%emt 0:00:00]} 17. a4 {[%emt 0:00:00]} bxa4 {[%emt 0:00:00]} 18. bxc5 {
[%emt 0:01:30]} dxc5 {[%emt 0:00:00]} 19. Qc2 {[%emt 0:00:00]} Na5 {[%emt 0:00:
00]} 20. Qxa4 {[%emt 0:00:00]} Bc6 {[%emt 0:00:00]} 21. Qa2 {[%emt 0:00:00]}
Bd7 {[%emt 0:00:00]} 22. Nd2 {[%emt 0:00:00]} Be6 {[%emt 0:00:00]} 23. Qa4 {
[%emt 0:00:00]} Bd7 {[%emt 0:00:00]} 24. Qa2 {[%emt 0:00:00]} Be6 {[%emt 0:00:
00]} 25. Qa4 {[%emt 0:00:00]} Bd7 {[%emt 0:00:00]} 26. Qa2 {[%emt 0:00:00]}
1/2-1/2

[Event "Gibraltar Masters 18th"]
[Site "Gibraltar"]
[Date "2020.01.29"]
[Round "9.26"]
[White "Stefanova, Antoaneta"]
[Black "Idani, Pouya"]
[Result "0-1"]
[WhiteElo "2469"]
[BlackElo "2577"]
[PlyCount "84"]
[EventDate "2020.01.21"]
[EventType "swiss"]
[EventRounds "10"]
[EventCountry "GGB"]
[SourceTitle "BritBase"]
[Source "John Saunders"]
[SourceDate "2021.06.05"]
[SourceVersion "1"]
[SourceVersionDate "2021.06.05"]
[SourceQuality "1"]
[TimeControl "40/100:0"]
[WhiteClock "0:47:51"]
[BlackClock "0:58:42"]

1. e4 {[%emt 0:00:00]} c5 {[%emt 0:00:00]} 2. Nf3 {[%emt 0:00:00]} d6 {[%emt 0:
00:00]} 3. d4 {[%emt 0:00:00]} cxd4 {[%emt 0:00:00]} 4. Qxd4 {[%emt 0:00:00]}
Nf6 {[%emt 0:00:00]} 5. c4 {[%emt 0:00:00]} Nc6 {[%emt 0:00:00]} 6. Qe3 {
[%emt 0:00:00]} Bg4 {[%emt 0:00:00]} 7. Be2 {[%emt 0:00:00]} g6 {[%emt 0:00:00]
} 8. O-O {[%emt 0:00:00]} Bxf3 {[%emt 0:00:00]} 9. Bxf3 {[%emt 0:00:00]} Bg7 {
[%emt 0:00:00]} 10. Rd1 {[%emt 0:00:00]} Qa5 {[%emt 0:00:00]} 11. Nc3 {[%emt 0:
00:00]} O-O {[%emt 0:00:00]} 12. Be2 {[%emt 0:00:00]} Nd7 {[%emt 0:00:00]} 13.
Bd2 {[%emt 0:00:00]} Nd4 {[%emt 0:00:00]} 14. Qh3 {[%emt 0:00:00]} Ne5 {
[%emt 0:00:00]} 15. Bf1 {[%emt 0:00:00]} Nec6 {[%emt 0:00:00]} 16. Nd5 {
[%emt 0:00:00]} Qd8 {[%emt 0:00:00]} 17. Bg5 {[%emt 0:00:00]} Ne6 {[%emt 0:00:
00]} 18. Bh6 {[%emt 0:00:00]} Bxb2 {[%emt 0:00:00]} 19. Rab1 {[%emt 0:00:00]}
Bg7 {[%emt 0:00:00]} 20. Rxb7 {[%emt 0:00:00]} Nc5 {[%emt 0:00:00]} 21. Bxg7 {
[%emt 0:00:00]} Kxg7 {[%emt 0:00:00]} 22. Qc3+ {[%emt 0:00:00]} e5 {[%emt 0:00:
00]} 23. Rc7 {[%emt 0:00:00]} Rc8 {[%emt 0:00:00]} 24. Rxc8 {[%emt 0:00:00]}
Qxc8 {[%emt 0:00:00]} 25. Qf3 {[%emt 0:00:00]} Qd8 {[%emt 0:00:00]} 26. g3 {
[%emt 0:00:00]} Nd4 {[%emt 0:00:00]} 27. Qe3 {[%emt 0:00:00]} Qd7 {[%emt 0:00:
00]} 28. f4 {[%emt 0:00:00]} f6 {[%emt 0:00:00]} 29. Nc3 {[%emt 0:00:00]} a6 {
[%emt 0:00:00]} 30. Rb1 {[%emt 0:00:00]} Qa7 {[%emt 0:00:00]} 31. Bh3 {[%emt 0:
00:00]} Rb8 {[%emt 0:00:00]} 32. Rf1 {[%emt 0:00:00]} Rb2 {[%emt 0:00:00]} 33.
Kh1 {[%emt 0:00:00]} Qb7 {[%emt 0:00:00]} 34. Bg2 {[%emt 0:00:00]} Nce6 {
[%emt 0:00:00]} 35. h4 {[%emt 0:00:00]} Nf5 {[%emt 0:00:00]} 36. Qe1 {[%emt 0:
00:00]} Ned4 {[%emt 0:00:00]} 37. Nd5 {[%emt 0:00:00]} Re2 {[%emt 0:00:00]} 38.
Qc3 {[%emt 0:00:00]} Rc2 {[%emt 0:00:00]} 39. exf5 {[%emt 0:01:08]} Rxc3 {
[%emt 0:00:00]} 40. fxe5 {[%emt 0:00:00]} Rxg3 {[%emt 0:00:00]} 41. exf6+ {
[%emt 0:01:07]} Kf7 {[%emt 0:00:00]} 42. fxg6+ {[%emt 0:00:00]} hxg6 {[%emt 0:
00:00]} 0-1